000 00689cab a2200241 4500
001 WB2745-26
008 090401t1991 xxu||||| |||| 00| 0 eng d
035 _a(Sirsi) u44833
041 _aeng
245 _aJapanese reluctance to buy international property
260 _c1991
350 _a0
490 _aFinancial Times
_v19 November 1991, 23(1)
520 _aJapanese companies are beginning to withdraw from overseas investment in property.
650 _aJAPAN
650 _aJAPANESE INVESTMENT
650 _aKUMAGAI GUMI
650 _aOVERSEAS INVESTMENT
650 _aPROPERTY INVESTMENT
690 _aOVERSEAS-REST OF THE WORLD
942 _n0
948 _c04/03/1997
999 _c28487
_d28487